MESTSKÁ KNIŽNICA GIRALTOVCE  - online katalóg 

Dejiny umenia 3 (Record no. 14980)

000 -NÁVESTIE
fixed length control field 00964nam a2200241 a 4500
008 - ÚDAJE S PEVNOU DĹŽKOU – VŠEOBECNÉ INFORMÁCIE
fixed length control field 951213s1978||||CS 0 slo c
020 ## - MEDZINÁRODNÉ ŠTANDARDNÉ ČÍSLO KNIHY (ISBN)
Údaje o dostupnosti 80 Kčs.
Qualifying information (15000 výtl.)
040 ## - ZDROJ KATALOGIZÁCIE
Pôvodná katalogizujúca agentúra SNK
Jazyk katalogizácie slo
Prepisujúca agentúra SNK
Konvencie popisu AACR2
044 ## - KÓD KRAJINY VYDAVATEĽA/PRODUCENTA
Kód krajiny MARC xo
Kód krajiny ISO SK
080 ## - ČÍSLO MEDZINÁRODNÉHO DESATINNÉHO TRIEDENIA (MDT)
Číslo Medzinárodného desatinného triedenia (MDT) 73/75.034(4)(091)"14/16"(084.11)
080 ## - ČÍSLO MEDZINÁRODNÉHO DESATINNÉHO TRIEDENIA (MDT)
Číslo Medzinárodného desatinného triedenia (MDT) 72.034
080 ## - ČÍSLO MEDZINÁRODNÉHO DESATINNÉHO TRIEDENIA (MDT)
Číslo Medzinárodného desatinného triedenia (MDT) 71.034(4)(091)"14/16"(084.11)
041 ## - KÓD JAZYKA
Kód jazyka textu/zvukovej stopy alebo samostatných nápisov slo
100 1# - OSOBNÉ MENÁ – VŠEOBECNÉ INFORMÁCIE
Osobné meno Alpatov, Michail Vladimirovič
245 10 - NÁZOV
Názov Dejiny umenia 3
Zvyšok názvu Umenie renesancie
Údaj o zodpovednosti atď. Michail V. Alpatov ; Anna Škorupová, Emília Kučerová
250 ## - ÚDAJ O PORADÍ VYDANIA
Údaj o poradí vydania 1., vyd.
260 ## - VYDAVATEĽSKÉ ÚDAJE, DISTRIBÚCIA ATĎ.
Miesto publikovania, distribúcie atď. Bratislava
Názov vydavateľa, distibútora atď. Tatran
Dátum publikovania, distribúcie atď. 1978
Miesto výroby Martin
Výrobca Tlačiarne SNP
300 ## - FYZICKÝ POPIS
Rozsah 473 s., 38,09 AH
Ďalšie fyzické detaily Fareb. a čiernobiele fot.
Rozmery 22 cm
500 ## - VŠEOBECNÁ POZNÁMKA
Formátovaná poznámka o obsahu Lit. 337. Zozn. reprod. a kresieb v texte. Spluvyd. Arkady, Varšava. Mimo edície. 337 zázn. lit. o knihách, čas. a čl. v jaz. čes., rus., nem., angl., franc., špan., poľ. a tal.
700 1# - PRIDANÝ VSTUP – OSOBNÉ MENO
Osobné meno Škorupová, Anna
Kód roly prk
700 1# - PRIDANÝ VSTUP – OSOBNÉ MENO
Osobné meno Kučerová, Emília
Kód roly gup
958 ## - Formálny deskriptor
Formálny deskriptor A
Holdings
Stav stiahnutia (Blokovanie) (Withrawn status) Stav straty Stav poškodenia (Damaged status) Nie pre výpožičky (Not for loan) Spôsob nadobudnutia (Collection code) Trvalé umiestnenie Aktuálne umiestnenie Dátum nadobudnutia Náklady, bežná kúpna cena Inventárne číslo (prírastkové číslo) Full call number Dátum posledného výskytu Cena s účinnosťou od Typ jednotky Koha
        Kúpa Mestská knižnica Giraltovce Mestská knižnica Giraltovce 2019-11-29 80.00 14018 I 0117 2019-11-29 2019-11-29 Odborná literatúra pre dospelých

Powered by Koha